| 000 | 00456nam a2200181Ia 4500 | ||
|---|---|---|---|
| 005 | 20240605041758.0 | ||
| 008 | 240331s9999 xx 000 0 und d | ||
| 020 | _a9555800332 | ||
| 082 |
_bCUL _a330 |
||
| 245 | 0 | _aCulture and politics of identity in Sri Lanka | |
| 250 | _a2nd | ||
| 260 |
_aColombo _bICES _c1998 |
||
| 300 | _axii,186 p., | ||
| 650 | _aCulture and Politics | ||
| 700 | _aTiruchelvam, M. ed | ||
| 700 | _aDattathreya,C.S | ||
| 942 | _cL | ||
| 999 |
_c4992 _d4992 |
||